[Event "Yingmei CHN-chT 2018"]
[Site "Shenzhen"]
[Date "2018.04.11"]
[Round "1"]
[White "Ding, Liren"]
[Black "Ma, Qun"]
[Result "1-0"]
[WhiteElo "2778"]
[BlackElo "2645"]
[Annotator "TA"]
[PlyCount "81"]
[EventDate "2018.??.??"]
[EventCountry "CHN"]
[SourceTitle "playchess.com"]
[Source "ChessBase"]
[SourceQuality "1"]

{[%evp 15,81,17,20,19,25,9,20,8,25,16,22,19,22,8,7,0,4,0,0,0,0,0,0,0,0,-9,-13,-24,-28,-25,-11,-68,0,0,0,0,0,0,0,0,0,0,12,12,12,-6,42,62,67,18,86,81,199,189,177,71,459,449,341,270,685,505,677,666,650,508,919,956]} 1. e4 e5 2. Nf3 Nc6 3. Bb5 Nf6 4. d3 Bc5 5. Bxc6 dxc6 6. Nbd2 {[%cal Bb1d2,Bd2b3,Bb3a5][%mdl 32] C65: Ruy Lopez: Berlin Defence (3...Nf6), unusual lines and 4 0-0 Bc5} Be6 7. Nb3 Bd6 8. Na5 Rb8 {LiveBook: 9 Games} 9. O-O $146 ({Predecessor:} 9. Bd2 O-O 10. Qe2 Re8 11. h3 Nd7 12. Ng5 Nf8 13. Nxe6 Nxe6 {1-0 (51) Caruana,F (2804)-Topalov,V (2761) Leuven 2016}) 9... O-O 10. b3 Qe7 11. a4 Bb4 12. Nc4 Bxc4 13. bxc4 Nd7 14. Bg5 f6 15. Be3 Bc5 16. Nh4 Bxe3 17. fxe3 g6 18. Qg4 Rbe8 19. Rf3 Qe6 20. Qg3 {[#] Nxg6! is the strong threat.} Kf7 21. a5 b5 22. axb6 axb6 23. Ra7 ({White should play} 23. Rff1 $11) 23... Qd6 (23... Ra8 $1 $15 24. Rxc7 Ke7) 24. Qh3 $11 Ke7 25. Rf1 Ra8 26. Rxa8 Rxa8 27. Nf3 h5 28. Qg3 $36 {[%mdl 2048] White has some pressure.} g5 29. Qf2 {Hoping for Nxg5!} ({Much weaker is} 29. Nxg5 Rg8 $17) 29... Qe6 30. d4 c5 31. d5 $1 {[%cal Rd5e6]} Qg8 $1 32. h4 $1 {[%cal Rh4g5] Strongly threatening hxg5.} gxh4 (32... g4 $11 33. Nd2 Qh7) 33. Nxh4 $16 Ra2 (33... Qg4 $16) 34. Nf5+ Kd8 35. Qd2 (35. Qe2 $18 {and White stays clearly on top.}) 35... Ra3 $2 {[%mdl 8192]} (35... Qg4 $16 {is a better chance.}) 36. Rf3 $18 h4 37. Rh3 Ra4 $2 (37... Qf7 38. Rxh4 Kc8) 38. Rxh4 {White is clearly winning.} Rxc4 39. d6 cxd6 {and the idea ...d5 leaves Black hopeful.} 40. Nxd6 Ra4 {[#]} (40... Kc7 $142 41. Nxc4 Qxc4) 41. Rh8 $1 {[%mdl 512] Precision: White = 71%, Black = 46%.} 1-0

[Event "Yingmei CHN-chT 2018"]
[Site "Shenzhen"]
[Date "2018.04.11"]
[Round "1"]
[White "Yu, Yangyi"]
[Black "Xu, Yi"]
[Result "1-0"]
[WhiteElo "2760"]
[BlackElo "2522"]
[Annotator "TA"]
[PlyCount "83"]
[EventDate "2018.??.??"]
[EventCountry "CHN"]
[SourceTitle "playchess.com"]
[Source "ChessBase"]
[SourceQuality "1"]

{[%evp 21,83,43,47,49,52,53,80,21,24,32,41,-5,0,13,53,10,26,17,23,12,19,0,39,37,59,54,41,46,61,67,63,7,18,12,12,0,0,0,0,0,15,7,13,14,45,47,36,52,56,60,76,85,162,164,154,139,244,234,235,188,308,305,232,233]} 1. e4 e5 2. Nf3 Nc6 3. Bb5 a6 4. Ba4 Nf6 5. O-O Be7 6. Re1 b5 7. Bb3 d6 8. a4 Bd7 {C90: Closed Ruy Lopez with 7...d6: Early deviations} 9. c3 Na5 10. Bc2 c5 11. d4 Qb8 {LiveBook: 5 Games} 12. Bg5 h6 13. Bh4 {[#]} Be6 $146 ({Find the theoretical novelty and annotate with similar games:} 13... Bg4 14. Nbd2 O-O 15. h3 Bxf3 16. Nxf3 {0-1 (68) Nunn,J (2615)-Romanishin,O (2570) Wijk aan Zee 1985}) 14. Nbd2 (14. Bg3 $16) 14... O-O $11 15. h3 Rd8 16. Bg3 {[%cal Rd4e5]} cxd4 $1 17. cxd4 Nc4 18. b3 Nxd2 19. Qxd2 Nh7 20. axb5 Qxb5 21. Qe2 {[%cal Rd4e5]} Qxe2 22. Rxe2 f6 23. Nh4 Kf7 24. Nf5 Bf8 25. d5 Bd7 26. f4 (26. Ne3 $14) 26... Bb5 27. Rf2 Rac8 28. Kh2 Rc3 {White must now prevent ...g6.} 29. Re1 h5 30. Bd1 $36 {[%mdl 2048] White is pushing.} g6 31. Nh4 $1 {next f5 is good for White.} Kg7 32. Ra2 Rdc8 33. f5 g5 34. Ng6 h4 35. Bf2 {[%cal Bg3f2,Bf2e3,Be3d2][%mdl 32]} Kf7 36. Be3 Ke8 {[#]} (36... Rd3 $16 {was worth a try.}) 37. Bd2 $1 $18 {[%cal Rd2c3]} R3c7 38. Be2 Rc2 (38... Bxe2 $16 {might work better.} 39. Rxe2 Rb8) 39. Bxb5+ axb5 40. Rea1 {And now Rxc2 would win.} Be7 (40... Kf7 $142 41. Rxc2 Rxc2) 41. Rxc2 Rxc2 {[#]} 42. Ra8+ $1 {Precision: White = 59%, Black = 51%.} 1-0

[Event "Yingmei CHN-chT 2018"]
[Site "Shenzhen"]
[Date "2018.04.11"]
[Round "1"]
[White "Li, Chao b"]
[Black "Ni, Hua"]
[Result "1/2-1/2"]
[WhiteElo "2732"]
[BlackElo "2670"]
[Annotator "TA"]
[PlyCount "60"]
[EventDate "2018.??.??"]
[EventCountry "CHN"]
[SourceTitle "playchess.com"]
[Source "ChessBase"]
[SourceQuality "1"]

{[%evp 29,60,23,45,27,43,31,35,50,42,21,22,14,27,6,88,0,0,0,0,0,0,0,0,0,0,0,0,0,0,-4,0,0,0]} 1. Nf3 Nf6 2. c4 e6 3. Nc3 d5 4. d4 c5 5. cxd5 Nxd5 6. e4 Nxc3 7. bxc3 cxd4 8. cxd4 Bb4+ 9. Bd2 Bxd2+ 10. Qxd2 O-O 11. Bc4 Nd7 12. O-O {D41: Queen's Gambit Declined: Semi-Tarrasch with 5 cxd5} b6 13. a4 {[%cal Ba2a4,Ba4a5][%mdl 32]} Bb7 14. Bd3 Rc8 15. a5 Qc7 {LiveBook: 3 Games} 16. Rfb1 h6 17. h3 {[#]} Qd6 $146 ({Find the theoretical novelty and annotate with similar games:} 17... Rfd8 18. Ra3 Qd6 19. Rab3 Rc7 20. axb6 Nxb6 {½-½ (34) Ding,L (2707)-Kramnik,V (2801) Paris/St Petersburg 2013}) 18. axb6 axb6 19. Qb2 (19. e5 {NOTEXT} Qc7 20. Ne1 Ra8 21. Rc1 Qd8 22. Qb2) 19... Ra8 20. Rxa8 Rxa8 21. Nd2 Qa3 {[#]} (21... Rd8 $11) 22. Bf1 ({White should play} 22. Qxa3 $1 $16 Rxa3 23. Bb5) 22... Qxb2 $11 {The position is equal.} 23. Rxb2 Ra4 24. Bb5 Rxd4 25. Bxd7 Rxd7 26. Rxb6 Rxd2 27. Rxb7 {KR-KR} Rd1+ 28. Kh2 Rd2 29. Kg1 Rd1+ 30. Kh2 Rd2 {Precision: White = 37%, Black = 53%.} 1/2-1/2

[Event "Yingmei CHN-chT 2018"]
[Site "Shenzhen"]
[Date "2018.04.11"]
[Round "1"]
[White "Cheparinov, Ivan"]
[Black "Zeng, Chongsheng"]
[Result "1-0"]
[WhiteElo "2702"]
[BlackElo "2542"]
[Annotator "TA"]
[PlyCount "165"]
[EventDate "2018.??.??"]
[EventCountry "CHN"]
[SourceTitle "playchess.com"]
[Source "ChessBase"]
[SourceQuality "1"]

{[%evp 9,165,18,57,53,52,66,55,31,52,58,62,57,54,0,-12,-12,18,0,-9,-63,66,62,58,58,91,0,0,0,0,0,0,0,0,0,0,0,24,28,62,77,63,70,90,90,300,299,272,285,286,276,381,383,385,381,367,315,362,294,388,379,373,354,404,385,521,505,562,576,646,617,662,587,580,528,641,428,440,426,362,8,8,0,0,0,8,8,8,8,8,0,0,0,8,8,666,623,2083,1940,29960,12803,29974,29974,29976,29977,29978,29979,29980,29973,29973,29974,29974,29975,29975,29976,12819,8,8,8,8,0,8,0,29976,29977,29977,29978,29978,29979,29977,29980,29980,29981,29981,29982,29981,8,8,8,8,0,8,0,29969,10108,29970,29970,29962,1340,865,865,777,613,29981,8,29982,29983,29982,29983]} 1. c4 e6 2. Nf3 d5 3. e3 c6 4. b3 Nd7 (4... Nf6 5. Bb2 Bd6 6. Nc3 Nbd7 7. Qc2 a6 8. d4 e5 9. dxe5 Nxe5 10. O-O-O Qe7 11. Nxe5 Bxe5 12. cxd5 cxd5 13. Nxd5 Nxd5 14. Rxd5 Bxb2+ 15. Kxb2 {½-½ (90) Sargissian,G (2679)-Bartel,M (2623) Baku 2015}) 5. Bb2 f5 6. Qc2 {A11: English Opening: 1...c6} Ngf6 7. Nc3 a6 $146 ({Predecessor:} 7... Bd6 8. cxd5 exd5 9. Qxf5 Ne5 10. Qc2 Nxf3+ 11. gxf3 Qc7 {1-0 (36) Tica,S (2098)-Troselj,T (2072) Rijeka 2014}) 8. h3 {White is slightly better.} Bd6 9. g4 O-O 10. gxf5 e5 11. cxd5 (11. Rg1 $14) 11... cxd5 $11 12. Ng5 Nc5 13. Rg1 Kh8 $1 14. O-O-O (14. Rc1 $11) 14... Nce4 (14... Bd7 $15) 15. Ngxe4 $14 Nxe4 16. Nxe4 dxe4 17. d4 (17. Bg2 $16) 17... Qe7 $1 $11 18. f6 Qxf6 19. Qc3 {[%cal Rd4e5]} Qxf2 20. Bc4 $1 Bxh3 21. dxe5 {[%cal Bd4e5,Be5e6][%mdl 32]} Be7 {Threatens to win with ...b5.} 22. Qd2 Qxd2+ 23. Rxd2 {Black must now prevent e6.} b5 24. e6 $1 {[%mdl 1024] White has compensation.} Rg8 25. Rd7 $1 {[%cal Rd7e7]} Rae8 26. Bd5 Bf8 $2 (26... Bf6 $16 {keeps fighting.}) 27. Rf7 $1 $18 {e7 would kill now.} ({Not} 27. Bxe4 Rxe6 28. Bd5 Re8 $16) 27... Bxe6 {[#]} 28. Rxf8 $1 {[%mdl 512]} Rexf8 29. Bxe6 Rc8+ 30. Bxc8 Rxc8+ {[%mdl 4096] Endgame KRB-KR} 31. Kd2 Rc7 32. Rg5 h6 33. Re5 Kh7 34. Rxe4 h5 35. Re5 Kg6 36. Re6+ Kf5 37. Rxa6 h4 38. Rb6 h3 39. Rxb5+ Kg4 40. Rb4+ Kf3 41. Rf4+ Kg3 42. Rf8 Re7 43. Rh8 h2 44. Ke2 $2 (44. Bd4 $18) 44... Kg2 $1 $11 45. Rh5 g6 $1 {[%cal Rg6h5]} 46. Rh8 Rf7 47. Be5 h1=Q 48. Rxh1 Kxh1 {KR-KB} 49. Kd3 g5 50. a4 g4 51. a5 Rf5 $2 {[%mdl 8192]} (51... Ra7 $11 52. b4 Kg2) 52. Kd4 $1 $18 g3 53. Bxg3 Rxa5 54. Bd6 Kg2 55. e4 Kf3 56. e5 Kf4 57. b4 {[%cal Bb3b4,Bb4b5,Bb5b6][%mdl 32]} Ra1 58. b5 Kf5 59. b6 Rb1 60. Kc5 $1 {[%cal Rc5c6]} Ke6 61. Kc6 Rc1+ 62. Bc5 $2 (62. Kb5 $1 $18 {Hoping for b7.} Kd7 63. b7 Rb1+ 64. Bb4) 62... Rb1 $11 63. Bd4 {Strongly threatening b7.} Rc1+ 64. Bc5 Rb1 65. Bd6 $2 {[%mdl 8192]} (65. b7 $11 Rxb7 66. Kxb7 Kxe5) 65... Rc1+ 66. Kb5 $1 Kd7 67. b7 Rb1+ 68. Bb4 $1 Kc7 69. e6 Rb3 70. e7 $1 Re3 71. Ka6 Re2 72. Bd2 $2 (72. Ba3 {mates} Re4 73. Bd6+ $1 {[%mdl 512]} Kc6 74. Bb4 $1 {[%mdl 512]} Kc7 75. Bd2 Re2 76. Ka7 Rxe7 77. b8=Q+ Kc6+ 78. Ka6) 72... Re4 $1 73. Bf4+ Kc6 {[%cal Re4a4]} 74. Bd2 Kc7 {[#]} 75. Bb4 $1 {[%mdl 8704]} Re2 $1 {[#]} (75... Rxb4 76. e8=Q) 76. Bd6+ $1 {[%mdl 512]} Kc6 (76... Kxd6 77. b8=Q+) 77. Ba3 Re4 {[#]} 78. Ka7 (78. Bb4 $142 $1 {[%mdl 512]} Kc7 (78... Rxb4 79. e8=Q+) 79. Bd2 Re2 80. Ka7 Rxe7 81. b8=Q+ Kd7 82. Qb5+ Kd6+ 83. Kb8) 78... Ra4+ 79. Kb8 Kd7 80. Bc5 Ra1 {[#]} 81. e8=Q+ $1 {[%mdl 512]} Kxe8 82. Kc7 Rb1 83. Bb6 {Precision: White = 63%, Black = 35%.} 1-0

[Event "Yingmei CHN-chT 2018"]
[Site "Shenzhen"]
[Date "2018.04.11"]
[Round "1"]
[White "Wang, Yue"]
[Black "Li, Di"]
[Result "1-0"]
[WhiteElo "2690"]
[BlackElo "2455"]
[Annotator "TA"]
[PlyCount "119"]
[EventDate "2018.??.??"]
[EventCountry "CHN"]
[SourceTitle "playchess.com"]
[Source "ChessBase"]
[SourceQuality "1"]

{[%evp 17,119,39,39,37,54,28,67,72,75,64,76,69,63,58,95,97,106,110,111,82,102,88,75,57,69,61,78,76,77,78,81,86,87,84,79,91,89,89,112,85,156,150,191,168,168,178,174,167,193,185,337,338,478,458,591,215,215,202,202,197,181,168,175,169,172,112,222,202,337,322,436,429,613,362,376,345,353,351,345,336,345,345,314,217,320,321,1049,956,5617,6371,8838,6111,29964,6705,29967,29970,29969,29970,29970,29971,29976,4741,29977,29978]} 1. e4 e5 2. Nf3 d6 3. d4 exd4 4. Nxd4 Nf6 5. Nc3 Be7 6. g3 O-O 7. Bg2 {C41: Philidor Defence} Re8 8. O-O Bf8 9. b3 (9. h3 Nbd7 10. Re1 c5 11. Nf5 Ne5 12. Bg5 h6 13. Bxf6 Qxf6 14. Nd5 Qd8 {½-½ (32) Oparin,G (2602)-Mamedyarov,S (2799) Moscow 2017}) 9... Nbd7 {LiveBook: 8 Games} 10. Re1 c6 $146 ({Predecessor:} 10... Ne5 11. Bg5 h6 12. Bxf6 Qxf6 13. f4 Ng6 14. Nd5 Qd8 {1-0 (38) Fair,M (1227)-Ciesla,D (1075) LSS email 2010}) 11. Bb2 Qb6 12. Na4 Qc7 13. c4 g6 14. Qd2 Bg7 15. Rad1 Nb6 16. Nc3 Bg4 17. f3 Bd7 18. Nde2 d5 19. cxd5 cxd5 20. Nxd5 Nbxd5 21. exd5 Rad8 {[#]} 22. Nf4 $1 Rxe1+ 23. Rxe1 Qd6 24. Be5 $36 {[%mdl 2048] Black is under strong pressure.} Qb6+ 25. Bd4 Qd6 26. Qb2 Re8 27. Rc1 g5 28. Nd3 Bb5 (28... Qxd5 $142 29. Rc5 (29. Bxf6 Bxf6 30. Qxf6 Qxd3 $16) 29... Qd6) 29. Nf2 $16 h6 30. a4 Bd7 31. Rd1 Bf5 32. Bf1 Rc8 33. Be5 Qb6 $2 (33... Nh5 34. Bxd6 Bxb2) 34. Bc4 $18 Re8 (34... Ne8 {was called for.} 35. d6 Rd8) 35. d6 Ng4 36. Bxg7 $2 (36. d7 Bxd7 37. Bxg7 Nxf2 38. Qxf2 Qxf2+ 39. Kxf2) 36... Nxf2 37. Qxf2 Qxf2+ 38. Kxf2 Kxg7 {[%mdl 4096] Endgame KRB-KRB} 39. Rd5 Be6 40. Rb5 b6 41. a5 (41. Bxe6 $18 Rxe6 42. Rd5) 41... bxa5 (41... Bd7 $16) 42. Rxa5 Kf6 (42... Rd8 $142 43. Ra6 (43. Rxa7 Rxd6 44. Ke2 Kf6 $16) 43... Kf6) 43. Rxa7 Rc8 44. d7 Rb8 (44... Rd8 $142 45. Bxe6 Kxe6) 45. Rb7 Ra8 46. Ke3 Ke7 47. Bxe6 fxe6 {KR-KR} 48. h4 gxh4 49. gxh4 Ra1 50. Kf4 Rh1 51. Kg4 Kd8 $2 (51... Rd1 52. Kh5 Rd4) 52. f4 Rf1 53. b4 Rg1+ 54. Kh5 Rf1 55. Kxh6 Rxf4 56. Kg5 Rf5+ 57. Kg6 Rf1 58. h5 {[%cal Bh4h5,Bh5h6][%mdl 32]} Ke7 {[#]} 59. d8=Q+ $1 Kxd8 60. h6 {Precision: White = 86%, Black = 32%.} 1-0

[Event "Yingmei CHN-chT 2018"]
[Site "Shenzhen"]
[Date "2018.04.11"]
[Round "1"]
[White "Malakhov, Vladimir"]
[Black "Zhao, Yuanhe"]
[Result "1-0"]
[WhiteElo "2689"]
[BlackElo "2383"]
[Annotator "TA"]
[PlyCount "120"]
[EventDate "2018.??.??"]
[EventCountry "CHN"]
[SourceTitle "playchess.com"]
[Source "ChessBase"]
[SourceQuality "1"]

{[%evp 17,120,13,5,9,12,15,28,8,29,17,29,33,44,41,48,39,49,49,52,53,55,54,52,53,48,34,55,53,53,38,53,53,53,53,53,53,78,69,79,53,53,53,108,113,108,88,88,88,94,67,97,97,98,42,38,40,41,0,0,0,0,0,292,231,380,380,372,353,345,334,306,277,525,459,518,448,448,448,400,399,581,571,552,536,440,419,605,579,564,563,549,535,935,928,883,820,4018,720,3975,3940,2414,1960,5410,5065,29970]} 1. e4 e5 2. Nf3 Nf6 3. Nxe5 d6 4. Nf3 Nxe4 5. c4 Nc6 6. Nc3 Nxc3 7. dxc3 Be7 8. Bd3 Bg4 {C42: Petroff Defence: 3 Nxe5 and unusual White 3rd moves} 9. Be4 (9. Bf4 Qd7 10. O-O Bf5 11. Bxf5 Qxf5 12. g3 O-O 13. Re1 Bf6 14. Qd5 Qxd5 15. cxd5 Nb8 16. Re4 Nd7 17. Be3 a5 18. Rc4 Rfc8 19. a3 g6 20. Re1 Bg7 {½-½ (20) Mary,P (2563)-Bokar,J (2582) ICCF email 2010}) 9... Qd7 {LiveBook: 6 Games} 10. O-O O-O {The position is equal.} 11. Qc2 $146 ({Predecessor:} 11. Re1 Rae8 12. Bf4 Bd8 13. Qc2 f5 14. Bd5+ Kh8 15. h3 Bxf3 16. Bxf3 {½-½ (24) Gipslis,A-Kholmov,R Leningrad (Russia) 1962}) 11... Kh8 12. Nd4 Nxd4 13. cxd4 c6 14. h3 (14. Bxh7 g6 $17) 14... Bh5 15. d5 Bg6 16. dxc6 bxc6 17. Bxg6 fxg6 18. Be3 {[%cal Bc1e3,Be3d4,Bd4c3][%mdl 32]} a5 19. Rad1 a4 20. Rd3 Qf5 21. Rfd1 Rfb8 22. Bd4 Bf8 23. Bc3 Rb7 24. Qd2 Kg8 25. Rf3 Qe6 26. Qd4 Re8 27. Re1 Qc8 28. Re4 (28. Rfe3 {is interesting.} Rxe3 29. Rxe3 Rf7 30. Qd1 Qa6 31. Qe2) 28... Rxe4 29. Qxe4 Rf7 (29... Rb8 $14) 30. Rxf7 $16 Kxf7 31. Qf3+ Kg8 32. Qd1 Qa6 33. Qg4 Qb7 34. c5 $36 {[%mdl 2048] Strongly threatening cxd6. Keeping Black busy.} a3 {[#]} 35. b3 ({White should play} 35. Qe6+ $1 $16 Qf7 36. Qxf7+ Kxf7 37. bxa3) 35... dxc5 $14 36. Qe6+ Qf7 37. Qxf7+ (37. Qxc6 {looks sharper.} h5 38. Qe4 Kh7 39. Qf3 Qe7 40. g3) 37... Kxf7 {[%mdl 4096] Endgame KB-KB} 38. Kf1 Be7 $1 39. Ke2 g5 $2 {[%mdl 8192] [#]} (39... Bf6 $11 40. Kd3 Ke7) 40. Kd3 $1 $18 h5 (40... g6 $142 41. Kc4 Ke6) 41. g4 g6 42. Bd2 Ke6 43. Ke4 Bf6 44. Bc1 c4 $2 (44... Bd4 45. f3 Bb2 46. Bxg5 Ba1) 45. bxc4 {[%cal Bb3c4,Bc4c5][%mdl 32]} Be7 46. Bd2 Bc5 47. f3 Be7 48. Kd4 Kf6 (48... Bf6+ $142 49. Kc5 Kd7) 49. c5 Ke6 50. Bc1 Bf6+ 51. Ke4 Bb2 (51... Bd8 $142 52. Bxa3 hxg4 53. fxg4 (53. hxg4 Be7 $18) 53... Be7) 52. Bxg5 {White is clearly winning.} Bg7 53. Be3 Bb2 54. f4 hxg4 55. hxg4 {[%cal Bh3g4,Bg4f5][%mdl 32]} Bc3 56. Bd4 Bd2 57. Be5 (57. f5+ $142 gxf5+ 58. gxf5+ Ke7 59. Bf2) 57... Bb4 58. f5+ gxf5+ 59. gxf5+ Kf7 60. Bd4 Bd2 {Precision: White = 74%, Black = 37%.} 1-0

[Event "Yingmei CHN-chT 2018"]
[Site "Shenzhen"]
[Date "2018.04.11"]
[Round "1"]
[White "Lu, Shanglei"]
[Black "Bai, Jinshi"]
[Result "1-0"]
[WhiteElo "2640"]
[BlackElo "2586"]
[Annotator "TA"]
[PlyCount "141"]
[EventDate "2018.??.??"]
[EventCountry "CHN"]
[SourceTitle "playchess.com"]
[Source "ChessBase"]
[SourceQuality "1"]

{[%evp 24,141,22,19,14,22,26,35,29,35,33,33,54,23,36,36,39,34,31,31,36,21,23,29,40,33,39,34,40,40,39,32,38,18,46,37,34,39,48,27,34,31,66,31,54,58,57,24,46,41,60,63,63,63,67,65,67,66,67,65,77,67,66,64,66,62,63,65,64,64,57,12,12,12,12,12,133,129,133,125,120,119,120,120,134,134,140,142,243,242,318,242,284,284,284,284,484,484,1132,1167,949,798,1168,0,477,477,477,477,464,398,570,472,933,923,882,867,29973,29974,29969,29956]} 1. e4 e5 2. Nf3 Nf6 3. d4 Nxe4 4. Bd3 d5 5. Nxe5 Nd7 6. Nxd7 Bxd7 7. O-O Bd6 8. Qh5 Qf6 {C43: Petroff Defence: 3 d4} 9. Nc3 Qxd4 10. Be3 Qe5 11. Qxe5+ Bxe5 12. Nxd5 Nf6 13. Rae1 {LiveBook: 12 Games. Threatens to win with Bh6.} Nxd5 14. Bd4 f6 {aiming for ...Nf4.} 15. Bxe5 O-O-O ({Of course not} 15... fxe5 $6 16. Rxe5+ Ne7 17. Rfe1 $16) 16. Bg3 {[#]} g6 $146 17. a3 Rhe8 18. h4 Rxe1 19. Rxe1 {Black must now prevent c4.} Re8 20. Rd1 Ne7 21. f3 Bf5 22. Bc4 Nc6 23. c3 Na5 24. Bb5 Re7 25. b4 a6 26. Bf1 Nc6 27. Bf4 Rd7 28. Re1 Re7 29. Be3 Ne5 30. Bf2 Bd7 31. Kh2 Ba4 32. Kg3 Nc6 33. Be3 Nd8 34. Kf2 Nf7 35. h5 Nd6 36. hxg6 hxg6 37. Bd3 f5 38. c4 b5 39. cxb5 axb5 40. Rc1 Re6 41. Bf4 Nc4 42. g4 fxg4 43. fxg4 c6 44. Re1 Rxe1 45. Kxe1 Nxa3 $14 {[%mdl 4096] Endgame KBB-KBN} 46. Kd2 $1 Nc4+ 47. Kc3 {[%mdl 1024] White has compensation.} Nb6 48. Kd4 Nd5 49. Bd2 Ne7 (49... Bd1 $11) 50. Kc5 $1 $16 {[%cal Rc5d6]} Kd7 {[#]} 51. Bg5 $1 Nd5 52. Bxg6 Nc7 {Strongly threatening ...Ne6+.} 53. Bd2 Bb3 54. g5 Bd5 55. Kd4 Ke7 {[#]} (55... Ke6 $16 {keeps fighting.} 56. Bb1 Kf7) 56. Ke5 $1 $18 Ne6 57. Bd3 Nf8 58. Bxb5 Ng6+ 59. Kd4 Nh4 $2 (59... Nf8 {might work better.} 60. Bd3 Ke6) 60. Kc5 Kd7 (60... Nf3 $142 61. Bf4 (61. Bxc6 Bxc6 62. Kxc6 Nxd2 $11) 61... Ne1) 61. Bd3 Ke6 62. Bf4 Bf3 63. Bd2 $2 (63. g6 $18) 63... Kf7 $2 {[%mdl 8192]} (63... Bd5 $1 $11 64. g6 Nf5) 64. Ba6 Ng6 65. Bb7 Ne5 66. Kd4 Nd7 (66... Ke6 $142 67. Bc8+ Nd7) 67. Ke3 Bd5 {[#]} (67... Bh5 $142 68. Bxc6 Ne5 69. Bd5+ Ke7) 68. b5 $1 {[%mdl 512]} Ke6 (68... cxb5 69. Bxd5+) 69. Bxc6 Ne5 70. Bxd5+ Kxd5 71. Kf4 {Precision: White = 74%, Black = 53%.} 1-0

[Event "Yingmei CHN-chT 2018"]
[Site "Shenzhen"]
[Date "2018.04.11"]
[Round "1"]
[White "Zhou, Jianchao"]
[Black "Andreikin, Dmitry"]
[Result "1/2-1/2"]
[WhiteElo "2616"]
[BlackElo "2702"]
[Annotator "TA"]
[PlyCount "61"]
[EventDate "2018.??.??"]
[EventCountry "CHN"]
[SourceTitle "playchess.com"]
[Source "ChessBase"]
[SourceQuality "1"]

{[%evp 17,61,4,2,0,0,0,0,0,0,0,0,0,7,0,0,-18,0,0,0,0,0,0,0,0,0,0,10,9,11,10,14,10,10,9,14,7,6,0,0,0,0,0,0,0,0,0]} 1. d4 Nf6 2. c4 e6 3. Nc3 Bb4 4. Qc2 O-O 5. a3 Bxc3+ 6. Qxc3 d5 7. Bg5 h6 {E36: Nimzo-Indian: Classical: 4...d5 5 a3} 8. Bxf6 Qxf6 9. e3 (9. Nf3 c6 10. g3 Nd7 11. Bh3 b6 12. cxd5 cxd5 13. Qc6 Rb8 14. O-O Rd8 15. Rfc1 {½-½ (24) Mamedyarov,S (2809)-Aronian,L (2794) Berlin 2018}) 9... c5 {LiveBook: 7 Games. The position is equal.} 10. cxd5 cxd4 11. Qxd4 Qxd4 12. exd4 exd5 13. Bd3 Nc6 14. Ne2 Re8 15. Kd2 Na5 $146 {White must now prevent ...Nb3+.} 16. Rab1 Bd7 17. b3 Rac8 18. Rhc1 Rxc1 19. Nxc1 Kf8 20. Ne2 Ke7 21. Nc3 Nc6 22. Re1+ Kd8 23. Rxe8+ Bxe8 24. Nxd5 {Black should prevent Kc3.} Nxd4 $11 {[%mdl 4096] Endgame KBN-KBN} 25. Kc3 Ne6 26. Bf5 Nc7 27. Nxc7 Kxc7 28. Kd4 Kd6 29. Be4 b6 30. g3 f6 31. b4 {Precision: White = 60%, Black = 82%.} 1/2-1/2

[Event "Yingmei CHN-chT 2018"]
[Site "Shenzhen"]
[Date "2018.04.11"]
[Round "1"]
[White "Ju, Wenjun"]
[Black "Wang, Jue"]
[Result "1-0"]
[WhiteElo "2568"]
[BlackElo "2365"]
[Annotator "TA"]
[PlyCount "93"]
[EventDate "2018.??.??"]
[EventCountry "CHN"]
[SourceTitle "playchess.com"]
[Source "ChessBase"]
[SourceQuality "1"]

{[%evp 16,93,22,14,20,14,13,14,18,27,27,27,27,28,25,20,21,0,37,20,68,47,72,45,93,83,83,47,143,141,132,135,145,148,176,182,181,99,85,120,112,78,305,283,259,209,202,187,357,102,87,8,8,8,8,8,9,8,8,8,8,8,135,0,284,284,286,4,34,27,83,0,917,922,1286,1162,7147,5700,4718,1799]} 1. d4 d5 2. c4 e6 3. Nf3 Nf6 {[%cal Bg8f6,Bf6e4,Be4d2][%mdl 32]} 4. e3 a6 5. b3 (5. Nc3 dxc4 6. Bxc4 c5 7. O-O b5 8. Be2 Bb7 9. dxc5 Qxd1 10. Rxd1 Nc6 11. b3 Bxc5 12. Bb2 O-O 13. Nd2 Be7 14. Bf3 Rfd8 15. Nde4 Nxe4 16. Nxe4 f5 17. Ng3 Na5 18. Ne2 Bxf3 19. gxf3 Kf7 20. f4 Rxd1+ 21. Rxd1 {1-0 (46) Andreikin,D (2712)-Yu,Y (2751) Huaian 2017}) 5... c5 6. Nbd2 {D30: Queen's Gambit Declined: Systems without Nc3} Nc6 7. Bb2 cxd4 8. exd4 Ne4 9. Bd3 {LiveBook: 3 Games} Nxd2 10. Qxd2 Bb4 11. Bc3 Bxc3 12. Qxc3 dxc4 13. bxc4 Qa5 $146 14. Qxa5 Nxa5 15. Ke2 Bd7 16. Rhc1 Rd8 17. Ke3 f6 18. Rc3 Rc8 19. c5 Ke7 20. Rb1 $36 {[%mdl 2048] White is really pushing.} Rc7 21. Nd2 Bc8 (21... g5 $14) 22. Ra3 $16 Nc6 23. Nc4 g5 24. Nd6 h5 25. Be4 Bd7 26. g3 (26. Nxb7 $18 {And now Nd6 would win.} Rb8 27. Rxa6) 26... f5 27. Bf3 e5 28. Bxc6 (28. Rxb7 $6 Rxb7 29. Nxb7 Nxd4 $15) 28... f4+ $2 (28... Bxc6 $16 29. dxe5 (29. Nxf5+ Ke6 $11) 29... f4+ 30. gxf4 gxf4+ 31. Kd4 (31. Kxf4 Rf8+ 32. Kg5 Rxf2 $11) 31... Rg8) 29. Ke4 $18 bxc6 30. dxe5 Rf8 31. Rb2 fxg3 $2 (31... a5 {was worth a try.} 32. Rxa5 fxg3 33. fxg3 Be6) 32. hxg3 $2 (32. fxg3 a5 $18) (32. Rxg3 $18 Rf4+ 33. Ke3) 32... Be6 $16 33. f4 (33. Ra4 $16) 33... gxf4 $11 34. gxf4 {[#] f5 is the strong threat.} Bd5+ 35. Ke3 Ke6 $1 36. Ne4 {Strongly threatening Rg2.} ({Don't play} 36. Rxa6 $6 Rg7 $16) 36... Rg7 $1 37. Rxa6 Rg1 {[#] Threatens to win with ...Re1+.} 38. Nf6 h4 (38... Rg3+ $1 $11 39. Kd4 Bf3) 39. Rh2 (39. Nxd5 $16 Kxd5 40. Rd2+ Kxc5 41. Rc2+ Kb5 42. Rcxc6 (42. Raxc6 Re1+ 43. Kd4 Rxf4+ 44. Kd5 Rd1+ 45. Ke6 Rd8 $16)) 39... Rh8 $2 {[%mdl 8192]} (39... Rg3+ $1 $11 40. Kd4 Bf3) 40. Nxd5 $18 Kxd5 {[%mdl 4096] Endgame KRR-KRR} 41. Ra7 $2 (41. Rd2+ $18 Kc4 42. Rxc6) 41... Kxc5 42. Rd7 {Black must now prevent Rc2+.} Rc1 (42... Re1+ $11 43. Kf3 Rf8) 43. f5 ({White should play} 43. a4 $16) 43... Rc4 $2 {[%mdl 8192]} (43... Rh5 $11) 44. e6 {[%cal Be5e6,Be6e7][%mdl 32] White is clearly winning.} Rg8 45. e7 Rg3+ 46. Kd2 Re4 47. Re2 {Precision: White = 38%, Black = 37%.} (47. f6 $142 Ra4 48. e8=Q Rxa2+ 49. Kc1 Rg1+ 50. Rd1 Ra1+ 51. Kb2 Raxd1 52. Rc2+ Kd4 53. Qd7+ Ke3 54. Qe6+ Kf4 55. f7 Rb1+ 56. Kc3) 1-0